Cash recognition using digital image processing (Topup Machine) (Record no. 9116)

000 -LEADER
fixed length control field 00529 a2200133 4500
082 ## - DEWEY DECIMAL CLASSIFICATION NUMBER
Classification number BIT-4
100 ## - MAIN ENTRY--PERSONAL NAME
Personal name Maria Tassawar
9 (RLIN) 92677
245 ## - TITLE STATEMENT
Title Cash recognition using digital image processing (Topup Machine)
Statement of responsibility, etc. Maria Tassawar
260 ## - PUBLICATION, DISTRIBUTION, ETC.
Place of publication, distribution, etc. Islamabad:
Name of publisher, distributor, etc. NUST School of Electrical Engineering & Computer Science,
Date of publication, distribution, etc. 2006.
300 ## - PHYSICAL DESCRIPTION
Extent x, 103 p. :
Other physical details ill. ;
Dimensions 27 cm. +
Accompanying material CD-ROM
500 ## - GENERAL NOTE
General note Supervisors : Mr. Tashfeen Khan. Mr. Saad Liaquat.
856 ## - ELECTRONIC LOCATION AND ACCESS
Uniform Resource Identifier <a href="http://10.250.8.41:8080/xmlui/handle/123456789/13074">http://10.250.8.41:8080/xmlui/handle/123456789/13074</a>
942 ## - ADDED ENTRY ELEMENTS (KOHA)
Koha item type Project Report
Call number prefix BIT-4 MAR
Source of classification or shelving scheme
Holdings
Withdrawn status Lost status Damaged status Not for loan Collection code Permanent Location Current Location Shelving location Date acquired Full call number Barcode Date last seen Price effective from Koha item type Source of classification or shelving scheme
WITHDRAWN         Central Library (CL) Central Library (CL) General Stacks 06/07/2014 BIT-4 MAR SEECSP00245 11/14/2012 01/05/2017 Project Report  
WITHDRAWN         Central Library (CL) Central Library (CL) Thesis 10/06/2020 004 CL-BP-488 10/06/2020 10/06/2020 Project Report  
© 2023 Central Library, National University of Sciences and Technology. All Rights Reserved.